Dipaksa berperang

Bibliographic Details
Main Author: Evasukmaliza
Format: Book
Published: Petaling Jaya : Eddiplex , 1993
Series:Siri cerita perang zaman nabi
Subjects:

MARC

LEADER 00000cam a2200000 7i4500
001 0000003644
002 000003925
005 20000330.0
020 |a 9838800279 
090 0 0 |a J 297.63   |b EVA 
100 0 |a Evasukmaliza 
245 1 0 |a Dipaksa berperang   |c Evasukmaliza 
260 |a Petaling Jaya :   |b Eddiplex ,   |c 1993 
300 |a 60p. ;   |c 19cm. 
490 0 |a Siri cerita perang zaman nabi 
650 0 0 |a Islamic war   |x Juvenile literature 
999 |a 032049   |b BUKU   |c PINJAMAN   |e PERPUSTAKAAN KOMUNITI PETALING JAYA 
999 |a 032050   |b BUKU   |c JUNIOR BOOKS   |e PERPUSTAKAAN KOMUNITI PETALING JAYA